| 000 -LEADER |
| fixed length control field |
01557cam a22001818i 4500 |
| 020 ## - INTERNATIONAL STANDARD BOOK NUMBER |
| ISBN |
9780273724087 |
| 050 00 - LIBRARY OF CONGRESS CALL NUMBER |
| Classification number |
HD58.7 |
| 100 1# - MAIN ENTRY--AUTHOR NAME |
| Personal name |
MULLINS, Laurie J. |
| 245 10 - TITLE STATEMENT |
| Title |
Management & organisational behaviour / |
| 250 ## - EDITION STATEMENT |
| Edition statement |
9th Edition. |
| 260 ## - PUBLICATION, DISTRIBUTION, ETC. (IMPRINT) |
| Place of publication |
Harlow |
| Name of publisher |
Pearson Education Ltd |
| Year of publication |
2010 |
| 300 ## - PHYSICAL DESCRIPTION |
| Number of Pages |
xxxii, 860p.:ill., includes index |
| 505 0# - FORMATTED CONTENTS NOTE |
| Formatted contents note |
Management in the news and case studies -- About this book -- Guided tour of the book -- Guided tour of my management lab -- In acknowledgement and appreciation -- Publisher's acknowledgements -- The organisational setting -- The nature of organisational behaviour -- Approaches to organisation and management -- The nature and context of organisations -- The individual -- Individual differences and diversity -- The nature of learning -- Perception and communication -- Work motivation and job satisfaction -- Groups, teams and leadership -- The nature of work groups and teams -- Working in groups and teams -- The nature of leadership -- The process of management -- The nature of management -- Managerial behaviour and effectiveness -- Structures of organisation -- Organisation strategy and structure -- Patterns of structure and work organisation -- Technology and organisations -- Organisation management -- Organisational control and power -- Corporate responsibility and ethics -- Organisation culture and change -- Organisational performance and development -- Conclusion -- Glossary. |
| 650 #0 - SUBJECT ADDED ENTRY--TOPICAL TERM |
| Topical Term |
Organizational behavior. |
|
| Topical Term |
Management. |
| 700 1# - ADDED ENTRY--PERSONAL NAME |
| Personal name |
Christy, Gill, |
| 942 ## - ADDED ENTRY ELEMENTS (KOHA) |
| Koha item type |
Books |